Introduccion al estudio de los deslizamientos en Santiago de Puriscal

Guardat en:
Dades bibliogràfiques
Autor principal: Salazar Rojas, Luis Alfonso
Format: Thesis Llibre
Idioma:Undetermined
Publicat: 1985
Matèries:
> > > > DESLIZAMIENTOS
Etiquetes: Afegir etiqueta
Sense etiquetes, Sigues el primer a etiquetar aquest registre!

MARC

LEADER 00000nam a2200000Ia 4500
001 2567
008 140114s9999 xx 000 0 und d
100 |a Salazar Rojas, Luis Alfonso 
245 |a Introduccion al estudio de los deslizamientos en Santiago de Puriscal 
260 |c 1985 
500 |a NULL 
502 |a Escuela de ingenieria Civil 
650 |z DESLIZAMIENTOS 
999 |c 11596  |d 11596